LEGO Stars Wars: Darth Maul's mission (Record no. 119946)
[ view plain ]
| 000 -LÍDER | |
|---|---|
| campo de controle de tamanho fixo | 00880 a2200265 4500 |
| 001 - NÚMERO DE CONTROLE | |
| campo de controle | 119946 |
| 020 ## - ISBN - INTERNATIONAL STANDARD BOOK NUMBER | |
| ISBN - International Standard Book Number | 9780545304412 |
| 040 ## - FONTE DA CATALOGAÇÃO | |
| Instituição que transcreveu o registro | Escola Canadense de Niteroi |
| 090 ## - NÚMERO DE CHAMADA LOCAL | |
| Número de chamada (OCLC) (R); Número de chamada, CALL (RLIN) (NR) | S4 - LAN |
| 100 ## - ENTRADA PRINCIPAL--NOME PESSOAL | |
| Nome pessoal | Landers, Ace |
| 245 10 - TÍTULO | |
| Título | LEGO Stars Wars: Darth Maul's mission |
| 250 ## - EDIÇÃO | |
| Edição | 1st. ed. |
| 260 ## - PUBLICAÇÃO, DISTRIBUIÇÃO, ETC. | |
| Local de publicação, distribuição, etc. | New York |
| 300 ## - DESCRIÇÃO FÍSICA | |
| Extensão | 24 p. |
| Dimensões | 2 x 0.64 x 20.32 cm |
| 362 0# - DATAS DE PUBLICAÇÃO E/OU DESIGNAÇÃO SEQUENCIAL | |
| Datas de publicação e/ou designação sequencial | 2011 |
| 490 0# - TÍTULO DA SÉRIE | |
| Título da série | LEGO Star Wars |
| 520 ## - NOTA DE RESUMO, ETC | |
| Resumo, etc. | A long time ago, in a galaxy built brick-by-brick . . .<br/>Sith vs. Jedi!<br/>Darth Maul gets more than he bargained for when he's sent to capture Padme Amidala. Two Jedi, one force-sensitive orphan, and a whole Queen's entourage: so much for a simple kidnapping mission! |
| 650 #4 - ASSUNTO--TERMO TÓPICO | |
| Cabeçalho tópico ou nome geográfico | LEGO toys |
| 650 #4 - ASSUNTO--TERMO TÓPICO | |
| Cabeçalho tópico ou nome geográfico | Outer space |
| 650 #4 - ASSUNTO--TERMO TÓPICO | |
| Cabeçalho tópico ou nome geográfico | Children's Literature |
| 650 #4 - ASSUNTO--TERMO TÓPICO | |
| Cabeçalho tópico ou nome geográfico | Comic Books |
| 650 #4 - ASSUNTO--TERMO TÓPICO | |
| Cabeçalho tópico ou nome geográfico | Space flight |
| 650 #4 - ASSUNTO--TERMO TÓPICO | |
| Cabeçalho tópico ou nome geográfico | Tv Shows |
| 942 ## - ELEMENTOS DE ENTRADA ADICIONADOS (KOHA) | |
| Tipo de material Koha | Livros |
| Situação do descarte | Situação das perdas | Situação física | Não pode ser emprestado | Biblioteca de origem | Biblioteca atual | Data de aquisição | Total de empréstimos | Número de chamada completo | Código de barras | Data de último acesso | Data do preço efetivo | Tipo de material Koha |
|---|---|---|---|---|---|---|---|---|---|---|---|---|
| Canadian School of Niterói - Piratininga | Canadian School of Niterói - Piratininga | 09/02/2024 | S4 - LAN | A17169 | 09/02/2024 | 09/02/2024 | Livros |